000 00379nam a22001577a 4500
005 20160518142603.0
008 160518b xxu||||| |||| 00| 0 eng d
041 _aeng
082 _b2950
100 _aRai Urmila
_9755
245 _aBusiness Communication
260 _aNew Delhi
_bHimalaya Publishing House,
_c2004
300 _a365
650 _aManagement
_9241
942 _cBK
999 _c1030
_d1030